000 00700nam a22002297a 4500
003 UA-OsUOA
001 125113
007 ta
008 20170906b un ||||| |||| 00| 0 ukr d
090 _a821.161.2
_bМ75
942 _cBK
040 _aUA-OsUOA
_bukr
_cUA-OsUOA
_dUA-OsUOA
245 _aМолода Муза
_bантологія західноукраїнської поезії початку ХХ ст.
_cупоряд. В. І. Лучука
300 _a328 с.
955 _a2
041 _aukr
080 _a821.161.2
020 _a5-7720-0301-1
260 _aК.
_bМолодь
_c1989
650 7 _a82 Література. Літературознавство
_2UDC
999 _c412321
_d412321